[Event "FIN-chT2 Gp2 1718"]
[Site "Finland"]
[Date "2017.10.21"]
[Round "2.3"]
[White "Malek, Al Hamoud"]
[Black "Helanti, Jaakko"]
[Result "1/2-1/2"]
[WhiteElo "1781"]
[BlackElo "1878"]
[PlyCount "96"]
[EventDate "2017.09.16"]
[EventType "team-tourn"]
[EventRounds "7"]
[EventCountry "FIN"]
[SourceTitle "EXT 2020"]
[Source "ChessBase"]
[SourceDate "2019.10.17"]
[SourceVersion "1"]
[SourceVersionDate "2019.10.17"]
[SourceQuality "1"]
[WhiteTeam "Espoo MatSK III"]
[BlackTeam "Tampere Moukat"]
[WhiteTeamCountry "FIN"]
[BlackTeamCountry "FIN"]

1. e4 e6 2. d4 d5 3. exd5 exd5 4. Bd3 Bd6 5. Nf3 Nc6 6. 0-0 Nge7 7. c3 Bg4 8. h3 Bh5 9. Be3 0-0 10. Nbd2 Bg6 11. Qc2 Bxd3 12. Qxd3 Ng6 13. Rae1 Qd7 14. Nb3 b6 15. c4 dxc4 16. Qxc4 Rad8 17. Bg5 Nce7 18. Ne5 Bxe5 19. dxe5 Kh8 20. e6 fxe6 21. Rxe6 Rc8 22. Rfe1 Qd5 23. Qg4 Nf5 24. Qe4 Qxe4 25. R1xe4 Nd6 26. Re3 Nf7 27. Be7 Rfe8 28. Bb4 Rxe6 29. Rxe6 Kg8 30. Bc3 Nf4 31. Re4 Nd5 32. Bd2 c5 33. a4 Rd8 34. Kf1 Nd6 35. Re2 Nc4 36. g3 Kf7 37. a5 Rd7 38. axb6 axb6 39. Bc1 Nb4 40. Re4 Nd6 41. Re2 Nd3 42. Rc2 Re7 43. Be3 Nf5 44. Ke2 Nxf2 45. Kxf2 Rxe3 46. Nxc5 bxc5 47. Rxc5 Rb3 48. Rxf5+ Ke6 1/2-1/2